| 000 | 00565nam a2200205 a 4500 | ||
|---|---|---|---|
| 005 | 20210219153404.0 | ||
| 008 | 991125n 000 0 eng u | ||
| 035 | _aUPN01000095831 | ||
| 100 | _aClark, Christopher M. | ||
| 222 | _aJOURNAL OF CURRICULUM STUDIES | ||
| 245 | _aReal lessons from imaginary teachers | ||
| 300 | _a429-434 | ||
| 362 | _a1991 23, no. 5 | ||
| 653 | 0 | _aACTITUD DOCENTE | |
| 653 | 0 | _aEFICACIA DEL MAESTRO | |
| 653 | 0 | _aPROBLEMAS DE INVESTIGACION | |
| 653 | 0 | _aRELACION TEORIA-PRACTICA | |
| 904 |
_aAC _b033642 |
||
| 905 | _aArticulo | ||
| 999 |
_c75681 _d75681 |
||